00277nam a2200097Ia 4500008004100000082001700041100001700058245008500075260000900160300001000169190415s9999 xx 000 0 und d a015.68 GUP-I aGupta, Vijay 0aIndia and South Africa and South African Indians : Bibliography and documentatio c1994 a124p.